| 000 | 00585nas a2200217 4500 | ||
|---|---|---|---|
| 001 | BR9512320 | ||
| 003 | BR-BrBNA | ||
| 005 | 20231205094622.0 | ||
| 007 | ta | ||
| 008 | 230509b bl.|||p| |||| 00| 00por d | ||
| 040 |
_aBR-BrBNA _bpor _cBiblioteca Nacional de Agricultura |
||
| 041 | _a(Pt) | ||
| 072 | _aE80 | ||
| 100 | 1 | _aFukelmann, M. | |
| 245 | 1 | _aBolo de pekan | |
| 650 | _aNoz Pekan | ||
| 650 | _aCulinaria | ||
| 773 | 0 |
_tIndustria de Panificacao (Brazil) _x _g(Nov 1995), v. 60(644) p. 40-41 _wBR9512320 |
|
| 909 |
_a202311 _bLúcia _c55 _dLúcia Elande |
||
| 942 |
_2AGRIS _n0 _cANA |
||
| 999 |
_c145694 _d145694 |
||